000 00494nam a22002177a 4500
003 UA-OsUOA
001 44304
007 ta
008 20101012b un ||||| |||| 00| 0 ukr d
090 _a082
_bН34
942 _cBK
040 _aUA-OsUOA
_bukr
_cUA-OsUOA
_dUA-OsUOA
245 _aНаукові записки. Історичні науки
_b12
300 _a299 с.
955 _a1
041 _aukr
080 _a082
260 _aОстрог
_c2008
650 7 _2UDC
999 _c424352
_d424352